Vías de la alternativa ambiental en América Latina (primera parte) /

Enregistré dans:
Détails bibliographiques
Auteur principal: Mora, Maynor Antonio
Format: Texte
Sujets:
Tags: Ajouter un tag
Pas de tags, Soyez le premier à ajouter un tag!

MARC

LEADER 00000 a a2200000 04500
001 563
003
040
100 |a Mora, Maynor Antonio  
245 |a Vías de la alternativa ambiental en América Latina (primera parte) /  |c Maynor Antonio Mora 
650 |a MEDIO AMBIENTE  
650 |a ECOLOGIA  
650 |a LIBERALIZACION DEL INTERCAMBIO  
650 |a MEDIO AMBIENTE HUMANO  
650 |a CONTAMINACION  
650 |a IMPACTO AMBIENTAL  
773 |g número 57; páginas 7-11  
999 |c 26994  |d 26994